Winnie en invierno
Uloženo v:
| Hlavní autor: | |
|---|---|
| Médium: | Kniha |
| Jazyk: | španělština |
| Vydáno: |
Barcelona
Océano
2006
|
| Vydání: | 1a. ed |
| Témata: | |
| Tagy: |
Přidat tag
Žádné tagy, Buďte první, kdo vytvoří štítek k tomuto záznamu!
|
MARC
| LEADER | 00000nam a2200000 a 4500 | ||
|---|---|---|---|
| 001 | UCG4917 | ||
| 003 | CL-VaPUC | ||
| 008 | 101216e20060000SP |||||||||||||||||spa|d | ||
| 020 | |a 8449431085 | ||
| 082 | 0 | 4 | |a 808.0683 |b THO |2 21 |
| 100 | 0 | |a Thomas, Valerie |e author |9 554413 | |
| 245 | 1 | 0 | |a Winnie en invierno |
| 250 | |a 1a. ed | ||
| 300 | |a 24 p | ||
| 942 | |c BK | ||
| 945 | |d 20101216 00:00:00 |a cmena | ||
| 260 | |a Barcelona |b Océano |c 2006 | ||
| 500 | |a Ilustrado por: Korky Paul | ||
| 650 | 0 | |a Literatura infantil |9 307465 | |
| 650 | 0 | |a Cuentos infantiles |9 308044 | |
| 583 | |a last modification |c 20101216 00:00:00 |k Rodrigo Vera | ||
| 999 | |c 343517 |d 343515 | ||
| 952 | |0 0 |1 0 |4 0 |6 808_068300000000000_THO_2006 |7 0 |8 A |9 440857 |a BIBEDU |b BIBEDU |d 2019-11-22 |i 4743482 |l 5 |m 1 |o 808.0683 THO 2006 |p 4743482 |r 2022-08-31 |s 2022-08-24 |w 2019-11-22 |y BK |k EPE | ||